| 000 | 00734nam a2200229Ia 4500 | ||
|---|---|---|---|
| 005 | 20260430150818.0 | ||
| 008 | 008 250103s9999 xx 000 0 hin d | ||
| 037 | _aTheses | ||
| 040 | _aCRL | ||
| 040 | _bhin | ||
| 040 | _chin | ||
| 041 | _2hin | ||
| 041 | _ahin | ||
| 084 | _qCRL | ||
| 100 |
_aमिश्र, आदर्श कुमार, ले. _9870427 |
||
| 245 | 0 | _aकेदारनाथ सिंह के काव्य में लोक-चेतना की अभिव्यक्ति | |
| 260 | _c2024 | ||
| 300 | _a256प.ृ | ||
| 700 | _aदिल्ली विश्वविद्यालय. कला संकाय. हिंदी | ||
| 942 | _cTH | ||
| 999 |
_c1850889 _d1850889 |
||